| 000 | 00536cam a22002291 4500 | ||
|---|---|---|---|
| 001 | sa 68001901 | ||
| 003 | DLC | ||
| 005 | 20260227112438.0 | ||
| 008 | 940728s1967 ii 000 0 urdo | ||
| 010 | _asa 68001901 | ||
| 025 | _aPL480:I-U-1990 | ||
| 035 | _a(OCoLC)30844761 | ||
| 040 |
_aDLC _cCU _dCU _dDLC |
||
| 042 | _apremarc | ||
| 050 | 0 | 0 |
_aBP165 _b.G5 |
| 100 | 1 |
_aGilani, Asad, _d1992- |
|
| 245 | 1 | 0 | _aTalāsh-i rāh-yi ḥaqq. |
| 260 | _c[1967?] | ||
| 300 |
_a152 p. _c19 cm. |
||
| 500 | _aIn Urdu. | ||
| 650 | 0 | _aIslam. | |
| 999 |
_c78306 _d78306 |
||